MyGZULibrary

Academic writing : (Record no. 3946)

MARC details
000 -LEADER
fixed length control field 01046cam a22002894a 4500
001 - CONTROL NUMBER
control field 16367969
003 - CONTROL NUMBER IDENTIFIER
control field GZU
005 - DATE AND TIME OF LATEST TRANSACTION
control field 20210310142557.0
008 - FIXED-LENGTH DATA ELEMENTS--GENERAL INFORMATION
fixed length control field 100730s2011 enk bf 001 0 eng
010 ## - LIBRARY OF CONGRESS CONTROL NUMBER
LC control number 2010032553
020 ## - INTERNATIONAL STANDARD BOOK NUMBER
International Standard Book Number 9780415595803 (hardback)
040 ## - CATALOGING SOURCE
Original cataloging agency DLC
Transcribing agency DLC
Modifying agency DLC
050 00 - LIBRARY OF CONGRESS CALL NUMBER
Classification number PE1413
Item number .BAI 2011
082 00 - DEWEY DECIMAL CLASSIFICATION NUMBER
Classification number 808/.0428
Edition number 22
100 1# - MAIN ENTRY--PERSONAL NAME
Personal name Bailey, Stephen,
Dates associated with a name 1947-
245 10 - TITLE STATEMENT
Title Academic writing :
Remainder of title a handbook for international students /
Statement of responsibility, etc. by Stephen Bailey.
250 ## - EDITION STATEMENT
Edition statement 3rd ed.
260 ## - PUBLICATION, DISTRIBUTION, ETC.
Place of publication, distribution, etc. London ;
-- New York :
Name of publisher, distributor, etc. Routledge,
Date of publication, distribution, etc. 2011.
300 ## - PHYSICAL DESCRIPTION
Extent xx, 293 p. ;
Dimensions 25 cm.
504 ## - BIBLIOGRAPHY, ETC. NOTE
Bibliography, etc. note Includes bibliographical references and index.
650 #0 - SUBJECT ADDED ENTRY--TOPICAL TERM
Topical term or geographic name entry element English language
General subdivision Rhetoric
Form subdivision Handbooks, manuals, etc.
650 #0 - SUBJECT ADDED ENTRY--TOPICAL TERM
Topical term or geographic name entry element English language
Form subdivision Textbooks for foreign speakers.
650 #0 - SUBJECT ADDED ENTRY--TOPICAL TERM
Topical term or geographic name entry element Academic writing
Form subdivision Handbooks, manuals, etc.
906 ## - LOCAL DATA ELEMENT F, LDF (RLIN)
a 7
b cbc
c orignew
d 1
e ecip
f 20
g y-gencatlg
942 ## - ADDED ENTRY ELEMENTS (KOHA)
Source of classification or shelving scheme Library of Congress Classification
Koha item type Books
Edition 3rd ed.
Classification part 1413
Item part BAI
Call number prefix PE
Holdings
Withdrawn status Lost status Damaged status Not for loan Collection code Home library Current library Shelving location Date acquired Total Checkouts Full call number Barcode Date last seen Date last checked out Copy number Price effective from Koha item type
        Non-fiction City Campus Library City Campus Library General Stacks 03/10/2021 1 PE1413BAI2011 024477 09/16/2022 09/13/2022 c.1 03/10/2021 Books
        Non-fiction City Campus Library City Campus Library General Stacks 03/10/2021 1 PE1413BAI2011 024476 09/19/2022 09/13/2022 c.2 03/10/2021 Books
        Non-fiction City Campus Library City Campus Library General Stacks 03/10/2021 1 PE1413WIL2009 024478 09/16/2022 09/13/2022 c.3 03/10/2021 Books